One Piece toutes les Armes - Statistiques

Statistiques générales
  • Ce quiz a été pris 89 fois
    53 depuis la dernière actualisation
  • Le résultat moyen est 31 sur 105
Statistiques - réponses
Propriétaires Armes % Correct
Usopp Kabuto
100%
Roronoa Zoro (anciennement Kuina) Wado Ichimonji
100%
Gol D. Roger Ace
86%
Baggy Baggy Ball
86%
Shanks Gryphon
86%
Nami Clima Tact
71%
Roronoa Zoro (anciennement Kôzuki Oden) Enma
71%
Spandam Funkfreed
71%
Charlotte Linlin Napoleon
71%
Armes Antiques Pluton
71%
Armes Antiques Poseidon
71%
Roronoa Zoro (anciennement Ipponmatsu) Sandai Kitetsu
71%
Roronoa Zoro (anciennement Shimotsuki Ryuma) Shusui
71%
Armes Antiques Uranus
71%
Dracule Mihawk Yoru
71%
Roronoa Zoro (anciennement Ipponmatsu) Yubashiri
71%
Kôzuki Momonosuke (anciennement Kôzuki Oden) Ame no Habakiri
57%
Trafalgar D. Water Law Kikoku
57%
Babe "Mr. 4" Lassoo
57%
Edward Newgate Murakumogiri
57%
Brook Soul Solid
57%
Figarland Shamrock Cerberus / Cerbère
43%
Cavendish Durandal
43%
Général Franky Franken
43%
Usopp Kuro Kabuto / Kabuto Noir
43%
Tenguyama Hitetsu Nidai Kitetsu
43%
Nami Perfect Clima-Tact
43%
Charlotte Cracker Pretzel / Bretzel
43%
Loki Ragnir
43%
Ethanbaron V. Nusjuro (supposé) Shodai Kitetsu
43%
Nami Sorcery Clima-Tact
43%
Issho "Fujitora" Yakuza Kasen
43%
Franky Brachio Tank V
29%
Queen et le personnel d'Udon Excite Bullets / Balles Excidémiques
29%
Franky Général Franky
29%
Miss Father's Day Gero Gero Gun
29%
Kuro Griffes de Chat
29%
Tashigi (anciennement Mr. 11) Kashu
29%
Shiki Kogarashi
29%
Baggy Maggy Ball
29%
Krieg MH5
29%
Shiki Oto
29%
Armes Humaines Pacifista
29%
Tashigi Shigure
29%
Tashigi (anciennement Billy) Yamaoroshi
29%
Mr. 7 Yellow Gun
29%
T Bone Bamboo
14%
Brogy Bruiser Axe
14%
Kamakiri Burn Blade
14%
Équipage de Big Mom Candy Jacket
14%
Krieg Daisenso
14%
Rocks D. Xebec Eclipse
14%
Ohm Eisen Whip
14%
Braham Flash Gun
14%
Gem "Mr. 5" Flintlock .44 Caliber 6 Shot Revolver /Revolver à 6 Coups Calibre 44
14%
Usopp Ginga Pachinko
14%
Foxy Gorilla Puncher 13
14%
Kaidô Hassaikai
14%
Shura Heat Javelin
14%
Kinemon Kakusan
14%
Holdem Karakuri
14%
Sasaki Karakuri Rasento
14%
Hannyabal Kessui
14%
Arlong Kiribachi
14%
Hody Jones Kirisame
14%
Dracule Mihawk Kogatana
14%
Gion Konpira
14%
Équipage aux Cent Bêtes Koro / Extermin
14%
Caesar Clown et Capone Bege KX Launcher
14%
Charlotte Katakuri Mogura
14%
Johnny et Yosaku Nakiri
14%
Smoker Nanashaku Jitte
14%
Enel Nonosama Bo
14%
Armes Humaines Pacifista Mark III
14%
Nefertari D. Vivi Peacock Slashers
14%
Usopp Pop Green
14%
Killer Punishers
14%
Germa 66 Raid Suit
14%
Shiryu Raiu
14%
Wapol Royal Drum Crown 7-Shot Bliking Cannon / Canon Mitrailleur Rotatif à 7 Coups
14%
Bastille Same-kiri Bocho
14%
Van Augur Senriku
14%
Armes Humaines Seraphim
14%
Caesar Clown Shinokuni / Morte-Terre
14%
Charlotte Amande Shirauo
14%
Kawamatsu Soto Muso
14%
Kinemon Sukesan
14%
Ikaros Much Surume Ika no Yari
14%
Yamato Takeru
14%
Dorry Terry Sword
14%
Kurozumi Kanjuro Tsuji Shibai
14%
Charlotte Pudding Walker
14%
Basil Hawkins Warabide
14%
Kujaku Beethoven
0%
Wyper Burn Bazooka
0%
Porche Cutie Baton
0%
Hibari Flower Bullets / Muni-Fleurs
0%
Foxy Foxy Fighter
0%
Caesar Clown H2S
0%
Igaram Igarappa
0%
Queen Kôri Oni / Ice Oni
0%
Rock et Scotch KYP
0%
Bérets Blancs Milky Arrow
0%
Queen Mira / Momie
0%
Yama Ten-Fold Axe
0%
Aucun quiz correspondant
Distribution des résultats
% des personnes avec chaque résultat
Percentile par nombre de réponses
Votre historique - résultats
Vous n’avez pas pris ce quiz depuis la dernière actualisation